La forma de los contratos en el código civil
Gardado en:
| Autor Principal: | |
|---|---|
| Formato: | Libro |
| Idioma: | Lingua castelá |
| Publicado: |
Madrid
Boletín Oficial del Estado
1996
|
| Series: | Colección Monografías, 12
|
| Subjects: | |
| Tags: |
Engadir etiqueta
Sen Etiquetas, Sexa o primeiro en etiquetar este rexistro!
|
MARC
| LEADER | 00000nam a2200000 a 4500 | ||
|---|---|---|---|
| 001 | UCP4592 | ||
| 003 | CL-VaPUC | ||
| 008 | 990806e19960000SP |||||||||||||||||spa|d | ||
| 082 | 0 | 4 | |a 346.022 |b SAN |2 21 |
| 100 | 0 | |a Santos Morón, María José |e author |9 432146 | |
| 245 | 1 | 3 | |a La forma de los contratos en el código civil |
| 300 | |a 419 p | ||
| 942 | |c BK | ||
| 945 | |d 19990806 00:00:00 |a vberengu | ||
| 260 | |a Madrid |b Boletín Oficial del Estado |c 1996 | ||
| 650 | 7 | |a CESION DE CREDITOS |2 CL-VaPUC |9 385770 | |
| 650 | 0 | |a Código civil |9 256135 | |
| 650 | 0 | |a Contratos |9 255153 | |
| 650 | 0 | |a Contratos reales |9 258716 | |
| 650 | 0 | |a Derecho comparado |9 255664 | |
| 650 | 0 | |a Derecho español |9 255291 | |
| 650 | 0 | |a Derecho romano |9 255930 | |
| 651 | 0 | |a España |9 254926 | |
| 583 | |a last modification |c 19990806 00:00:00 |k Rodrigo Vera | ||
| 490 | 0 | |a Colección Monografías, 12 | |
| 999 | |c 282503 |d 282501 | ||
| 952 | |0 0 |1 0 |4 0 |6 346_022000000000000_SAN_1996 |7 0 |8 A |9 324320 |a BIBDER |b BIBDER |d 2019-11-20 |i 3546861 |o 346.022 SAN 1996 |p 3546861 |r 2023-01-25 |w 2019-11-20 |y BK |k DER | ||